[Event "5th Vergani Cup January 2021"]
[Site "Bassano del Grappa"]
[Date "2021.01.03"]
[Round "1.1"]
[White "Brilej, Jaka"]
[Black "Bernadskiy, Vitaliy"]
[Result "1-0"]
[WhiteElo "2218"]
[BlackElo "2619"]
[Annotator "TA"]
[PlyCount "141"]
[EventDate "2021.01.03"]
[EventType "swiss"]
[EventCountry "ITA"]
[SourceTitle "playchess.com"]
[Source "ChessBase"]
[SourceQuality "1"]

{[%evp 15,141,3,14,18,23,20,19,31,32,27,60,-30,-22,-10,-25,-16,-6,-18,-29,-25,0,0,9,9,9,12,20,9,9,9,18,9,37,18,18,0,0,0,0,0,0,0,23,0,0,0,197,211,453,430,439,440,525,519,504,577,555,559,581,581,582,580,555,551,528,529,489,416,741,702,875,850,783,770,1007,889,727,721,916,823,2518,2193,29966,29967,29967,29969,29969,29970,29969,29963,29971,29972,29972,29973,29975,29974,29974,29974,29974,29974,29974,29975,29974,29975,29977,29975,29978,29979,29980,29981,29981,29979,29979,29980,29980,29979,29983,29984,29984,29985,29987,29988,29988,29989,29993,29994,29994,29992]} 1. e4 c5 2. Nf3 d6 3. d4 cxd4 4. Nxd4 Nf6 5. Nc3 a6 6. f3 e5 7. Nb3 Be6 8. Be3 h5 9. Nd5 {B90: Sicilian Najdorf: Unusual White 6th moves, 6 Be3 Ng4 and 6 Be3 e5.} Bxd5 10. exd5 Nbd7 11. Qd2 {The position is equal.} g6 12. Be2 {12.0-0-0 gains popularity.} a5 {[%cal Ba6a5,Ba5a4][%mdl 32]} 13. Rc1 (13. a4 $14) 13... a4 $11 14. Na1 {[#]} Ng8 $146 ({Predecessor:} 14... Qa5 15. c4 Qxd2+ 16. Bxd2 Bh6 17. Nc2 h4 18. Na3 Ke7 19. Bxh6 Rxh6 20. Kd2 Nh5 {0-1 (51) Ter Sahakyan,S (2575)-Kuzubov,Y (2643) Minsk 2014}) 15. c4 Bh6 16. Nc2 Bxe3 17. Nxe3 f5 18. O-O f4 19. Nd1 Ne7 20. Bd3 Nc5 21. Bc2 Nf5 22. Bxf5 gxf5 23. Nc3 Rg8 24. Kh1 h4 25. Nb5 Kd7 26. h3 Rg3 27. b4 axb3 28. axb3 Qg5 {[#] Hoping for ...e4.} 29. Rc2 {Strongly threatening b4.} e4 $1 {[%cal Re4f3] And now ...exf3 would win.} 30. Nd4 {Black must now prevent b4.} e3 $2 {White leaves nothing to chance now.} (30... Qf6 $11) 31. Qb4 $18 Rg8 $2 (31... Re8 32. Ra1 Ke7) 32. Ne6 $1 {[%cal Re6g5][%mdl 64] [#] Deflection} Nxe6 33. Qxb7+ Nc7 {[%cal Rg3g2]} 34. c5 Rxg2 35. c6+ Ke8 {( -> ...Rg1+)} 36. Qc8+ Qd8 37. Rxg2 Rxg2 38. Qxd8+ Kxd8 39. Kxg2 Nxd5 {[%mdl 4096] Endgame KR-KN} 40. Rd1 e2 41. Re1 Nc3 (41... Kc7 $142 42. Rxe2 Kxc6) 42. Kf2 Kc7 43. Rc1 Nb5 44. Rc4 d5 45. Rc5 Nd4 46. Rxd5 Nxf3 47. Kxe2 Ng1+ 48. Kf1 Nxh3 49. Rxf5 {White mates.} f3 50. Rxf3 Ng5 51. Rf4 h3 52. Rh4 Kxc6 53. Rh6+ Kd7 54. Ke2 Ne6 55. Kd2 Ng5 56. Kc2 Kc7 57. Rh5 Ne4 58. Rxh3 Kc6 59. Rh4 Kd5 60. Kd3 Nf6 61. b4 {[%cal Bb3b4,Bb4b5][%mdl 32]} Nd7 62. Rh5+ Kc6 63. Kc4 Nb6+ 64. Kb3 Kb7 65. b5 Nc8 66. Rh7+ Kb6 67. Kb4 Na7 68. Rh6+ Kb7 69. Kc5 Nc8 70. Rh7+ Kb8 71. b6 {Weighted Error Value: White=0.08/Black=0.29} 1-0

[Event "5th Vergani Cup January 2021"]
[Site "Bassano del Grappa"]
[Date "2021.01.03"]
[Round "1.2"]
[White "Basso, Pier Luigi"]
[Black "Calavalle, Giulio"]
[Result "1-0"]
[WhiteElo "2561"]
[BlackElo "2212"]
[Annotator "TA"]
[PlyCount "51"]
[EventDate "2021.01.03"]
[EventType "swiss"]
[EventCountry "ITA"]
[SourceTitle "playchess.com"]
[Source "ChessBase"]
[SourceQuality "1"]

{[%evp 35,51,75,70,39,64,77,272,271,260,285,288,272,501,490,506,506,474,480]} 1. d4 Nf6 2. c4 e6 3. Nf3 d5 4. Nc3 c6 5. Bg5 dxc4 6. e4 b5 7. e5 h6 8. Bh4 g5 9. Nxg5 hxg5 10. Bxg5 Nbd7 11. exf6 Bb7 12. g3 c5 13. d5 Qb6 14. Bg2 O-O-O 15. O-O b4 16. Rb1 Qa6 17. dxe6 Bxg2 18. e7 Bxf1 19. Kxf1 {[#] aiming for Ne4. D44: Semi-Slav: Botvinnik System.} Bh6 ({Wrong is} 19... bxc3 $2 20. bxc3 Bxe7 21. fxe7 $18) 20. exd8=Q+ {[#]} Rxd8 $146 (20... Kxd8 $16 {was necessary.} 21. Bxh6 Rxh6) ({Predecessor:} 20... Kxd8 21. Bxh6 Rxh6 22. Ne4 Qc6 23. Qg4 Nxf6 24. Qg5 Rxh2 25. Rd1+ Kc8 26. Qf5+ Nd7 {1-0 (35) Mohammad,N (2421)-Roy,P (2349) Dhaka 2019}) 21. Bxh6 $18 {White has a decisive advantage.} bxc3 22. bxc3 Qc6 {Strongly threatening ...Rh8.} 23. Kg1 Qxf6 $2 {[#]} (23... Qe4 {is a better defense.} 24. Bf4 Nb6) 24. Qd5 $1 {[%csl Gb1][%cal Rd5b7] White is clearly winning.} Nb6 25. Qxc5+ Kb7 26. Bg5 {Black did not feel at home in the position after the opening.  Weighted Error Value: White=0.00/Black=0.70} 1-0

[Event "5th Vergani Cup January 2021"]
[Site "Bassano del Grappa"]
[Date "2021.01.03"]
[Round "1.3"]
[White "Senner, Peter"]
[Black "Nguyen, Thai Dai Van"]
[Result "0-1"]
[WhiteElo "2201"]
[BlackElo "2571"]
[Annotator "TA"]
[PlyCount "60"]
[EventDate "2021.01.03"]
[EventType "swiss"]
[EventCountry "ITA"]
[SourceTitle "playchess.com"]
[Source "ChessBase"]
[SourceQuality "1"]

{[%evp 9,60,-7,23,12,17,0,0,0,-3,-24,-39,-56,-25,-54,-20,-27,-25,-49,-31,-24,-12,-13,-21,-69,-71,-334,-337,-320,-325,-379,-376,-374,-216,-205,-231,-216,-189,-213,-178,-373,-407,-402,-399,-376,-313,-375,-397,-372,-353,-584,-579,-551,-525]} 1. e4 e6 2. d3 d5 3. Nd2 Nc6 4. c3 Nf6 5. Ngf3 Be7 6. Qc2 {C00: French: Unusual White 2nd moves.} e5 7. Be2 a5 {[#]} 8. b3 $146 {The position is equal.} ({Predecessor:} 8. O-O O-O 9. b3 d4 10. Bb2 Be6 11. a3 h6 12. Rfc1 Bc5 13. Rab1 Ng4 14. h3 Nxf2 15. cxd4 Nxd4 16. Qxc5 Nxh3+ 17. gxh3 Nxe2+ {1-0 (32) Jakubowski,K (2497)-Van Foreest,J (2671) Tornelo INT 2020}) 8... O-O 9. h3 Nh5 10. g3 g6 11. Nf1 Be6 12. exd5 Qxd5 13. Ne3 Qd7 14. Ng4 Bd6 15. Bh6 Rfe8 16. Bg5 f6 17. Nxf6+ {[%mdl 8192] This costs White the game.} (17. Bc1 $17 {was called for.}) 17... Nxf6 $19 18. Bxf6 Rf8 19. Bh4 Bd5 20. Qd1 Bxf3 (20... Qf7 $142 {[%cal Rd5f3]} 21. Ng5 Qxf2+ 22. Kd2 Bc5) 21. Bxf3 Qf7 22. Be2 Qxf2+ 23. Kd2 e4 {[#] Threatens to win with ...exd3.} 24. Qg1 $2 (24. Rf1 e3+ 25. Kc1) 24... exd3 25. Qxf2 Rxf2 26. Kxd3 g5 27. Bxg5 Ne5+ 28. Kd2 Nf3+ {[%mdl 64] [#] Double Attack, Discovered Attack} 29. Ke3 $2 (29. Kd3 Nxg5 30. Rhf1) 29... Bc5+ 30. Kf4 Rf8+ {Weighted Error Value: White=0.65/Black=0.21} 0-1

[Event "5th Vergani Cup January 2021"]
[Site "Bassano del Grappa"]
[Date "2021.01.03"]
[Round "1.4"]
[White "Moroni, Luca Jr"]
[Black "Atanasov, Anthony"]
[Result "1-0"]
[WhiteElo "2562"]
[BlackElo "2144"]
[Annotator "TA"]
[PlyCount "93"]
[EventDate "2021.01.03"]
[EventType "swiss"]
[EventCountry "ITA"]
[SourceTitle "playchess.com"]
[Source "ChessBase"]
[SourceQuality "1"]

{[%evp 17,93,9,43,45,19,19,17,12,54,7,25,16,34,40,48,37,26,27,31,14,81,25,59,60,59,40,37,61,48,33,29,26,46,32,43,29,28,19,20,0,37,35,26,24,20,-130,253,250,247,244,211,132,722,696,718,720,720,710,762,749,754,752,831,822,840,836,879,879,923,922,917,895,1087,1085,1146,1127,1053,996]} 1. d4 Nf6 2. c4 g6 3. Nc3 d5 4. cxd5 Nxd5 5. e4 Nxc3 6. bxc3 Bg7 7. Bb5+ c6 8. Ba4 O-O 9. Ne2 {9.Nf3 injects fresh life into this line.} b6 10. O-O {D85: Exchange Grünfeld: Unusual White 7th moves and lines with 7 Nf3.} c5 11. Be3 Bb7 12. f3 {[#] The position is equal.} Nd7 $146 ({Predecessor:} 12... Qc7 13. Rc1 Nc6 14. d5 Na5 15. c4 Ba6 16. Bb3 e6 17. Bf4 Qd7 18. Ba4 Qd8 {½-½ (55) Fedoseev,V (2665)-Savchenko,B (2613) Sochi 2016}) 13. e5 e6 14. Qd2 Ba6 15. Rfd1 Qc7 16. Ng3 b5 17. Bb3 Rfd8 18. Bh6 Bh8 (18... Bb7 $11) 19. Qf4 (19. Qe2 $16) 19... c4 20. Bc2 f5 21. exf6 {[%cal Rf6f7]} (21. Ne2 {looks sharper.} Nb6 22. Qh4 Nd5 23. Nf4 Nxf4 24. Qxf4 Rab8 25. a3) 21... Qxf4 22. Bxf4 Nxf6 {[%cal Bd7f6,Bf6d5,Bd5c3][%mdl 32]} 23. Bc7 Rd7 24. Ba5 Nd5 25. Rab1 Rb8 26. Ne4 {And now Nc5 would win.} b4 27. Nc5 (27. cxb4 Ne3 $15) 27... Rd6 28. cxb4 Nc3 {...Rc8 is the strong threat.} 29. Bc7 $36 {[%mdl 2112] Double Attack. White is more active.} Bxd4+ {[#]} 30. Rxd4 $1 Rxd4 31. Re1 ({Avoid the trap} 31. Nxe6 $2 Rd2 $19) ({White should play} 31. Bxb8 $11 Nxb1 32. Nxa6) 31... Rxb4 $2 {[%mdl 8192]} (31... Rc8 $17 {and life is bright.} 32. Nxa6 Rd2) 32. Be5 $18 ({Inferior is} 32. Nxa6 Rb2 $15) 32... Nb5 33. Nxa6 Rb2 34. Ba4 {Threatens to win with Bxb5.} Nc3 {[%mdl 8192] This costs Black the game.} (34... c3 $16 35. Bxb5 c2) 35. Bxd4 {[%mdl 64] Discovered Attack. White is clearly winning.} Ne2+ {[#]} 36. Rxe2 $1 Rxe2 37. Nb4 Re1+ 38. Kf2 Rb1 39. a3 a5 40. Nc2 Kf7 41. Bc3 Rb7 42. Ne3 Rc7 43. Bxa5 Rc8 44. Bb4 h5 45. h4 Kf6 46. Bc3+ e5 47. Bb5 {Weighted Error Value: White=0.21/Black=0.42} 1-0

[Event "5th Vergani Cup January 2021"]
[Site "Bassano del Grappa"]
[Date "2021.01.03"]
[Round "1.5"]
[White "Nilssen, Ellen Fredericia"]
[Black "Bjerre, Jonas Buhl"]
[Result "1/2-1/2"]
[WhiteElo "2174"]
[BlackElo "2551"]
[Annotator "TA"]
[PlyCount "177"]
[EventDate "2021.01.03"]
[EventType "swiss"]
[EventCountry "ITA"]
[SourceTitle "playchess.com"]
[Source "ChessBase"]
[SourceQuality "1"]

{[%evp 10,177,13,7,12,10,12,11,23,6,0,5,24,12,36,34,27,16,18,25,11,12,32,0,21,8,8,7,5,5,5,0,0,0,0,0,0,0,0,0,0,0,0,0,19,0,0,0,0,0,4,0,0,0,7,7,7,7,6,0,0,0,0,0,0,-70,-70,-70,-70,-70,-70,-70,-70,-70,-70,-70,-70,-87,-87,-87,-87,-87,-87,-87,-87,-87,-87,-87,-87,-87,-87,-87,-87,-87,-87,-87,-87,-87,-87,-87,-87,-87,-87,-87,-87,-87,-87,-87,-87,-87,-87,-87,-87,-87,-87,-87,-70,-70,-70,-70,-8,-8,-8,-70,-70,-70,-64,-70,-64,-64,0,-70,0,-70,-70,-70,-70,-70,-70,-70,-72,-72,-72,-85,-76,-77,-78,-78,-78,-78,-8,-8,-8,-8,-8,-8,-8,-8,-8,-8,-8,-8,-8,-8,-8,-8,-8,-8,0,0]} 1. d4 Nf6 2. c4 e6 3. Nf3 d5 4. Nc3 dxc4 5. e3 a6 6. a4 b6 {D24: Queen's Gambit Accepted: 3 Nf3 Nf6 4 Nc3.} 7. Bxc4 Bb4 8. O-O O-O 9. Qe2 Bb7 10. Rd1 Nbd7 11. Bd3 Qe8 12. e4 e5 13. d5 c6 {[%cal Rc6d5]} 14. dxc6 Bxc6 {[#]} 15. Na2 $146 ({Predecessor:} 15. Bg5 h6 16. Bxf6 Nxf6 17. Na2 Bd6 18. Nc3 Bb4 19. Na2 Bc5 20. Nc3 Bb4 {½-½ (20) Petrosyan,T (2460)-Zhigalko,A (2562) Yerevan 2018}) 15... a5 16. Bb5 Nc5 17. Bxc6 Qxc6 {[%mdl 64] Double Attack} 18. Nxb4 axb4 19. Nxe5 Qxe4 20. Qxe4 Nfxe4 21. f3 Nb3 22. Rb1 Nec5 23. Bf4 Nxa4 24. Nc6 Rfe8 25. Nxb4 Re2 26. Rd3 Nac5 27. Re3 Rxe3 28. Bxe3 Rd8 29. Kf2 Na4 30. Ke2 f6 31. Na2 Re8 32. Nc3 Nac5 33. Rd1 Na5 34. Kf2 Nc4 35. Bxc5 bxc5 $11 {[%mdl 4096] Endgame KRN-KRN} 36. Na4 Rb8 37. Nxc5 ({White should try} 37. Rc1 $11 Nxb2 38. Nxc5) 37... Rxb2+ $15 38. Kg3 {[#]} Rxg2+ $1 {[%mdl 64] Decoy} 39. Kxg2 Ne3+ {[%mdl 64] Double Attack} 40. Kg3 Nxd1 {KN-KN} 41. f4 $1 Ne3 42. Kf3 Nf5 43. Kg4 g6 44. Ne4 Kf7 45. Kf3 Ke7 46. Kf2 Ng7 47. Ke2 Ke6 48. Kf2 Ne8 49. Kf3 Nd6 {Threatens to win with ...Nxe4.} 50. Nc5+ Kf5 51. Nb3 {[%cal Rb3d4] [#]} Nb5 52. h3 Ke6 53. Nc5+ Ke7 54. Ke3 Nd6 55. Kf3 Nf5 56. Kf2 Nd4 57. Ke3 Ne6 58. Ne4 Nc7 59. Nc5 Kd6 60. Ne4+ Ke6 61. Kf3 Nd5 62. Ng3 f5 63. Ne2 Kd6 64. Nd4 Kc5 (64... Nc7 $15) 65. Ne6+ $1 $11 Kc4 66. Nf8 (66. Ng5 $1 $11) 66... Nf6 $15 {Hoping for ...Kd5.} 67. Ne6 Kd3 68. Nf8 Kd2 69. Kf2 Kd3 {Strongly threatening ...Ke4.} 70. Kf3 Kc4 {...Kd5 is the strong threat.} 71. Ne6 Kd5 72. Nc7+ Kc6 73. Ne6 Kd6 74. Nd4 Kd5 75. Nb5 Ne8 76. Ke3 Kc4 77. Nd4 Nc7 {White must now prevent ...Nd5+.} 78. Nc6 Nd5+ 79. Kf3 Kd3 (79... Nf6 $17) 80. Ne5+ $1 $11 {The position is equal.} Kd2 81. Nd7 $1 Ke1 82. Nf8 Nf6 83. Ke3 Kf1 {And now ...Kg2 would win.} 84. Kd4 Kg2 85. Ke5 Nh5 86. Nxh7 Kg3 87. Nf8 Nxf4 88. Nxg6 Nxh3 89. Kxf5 {Weighted Error Value: White=0.05/Black=0.02} 1/2-1/2

[Event "5th Vergani Cup January 2021"]
[Site "Bassano del Grappa"]
[Date "2021.01.03"]
[Round "1.6"]
[White "Mendonca, Leon Luke"]
[Black "Costa, Leonardo"]
[Result "1-0"]
[WhiteElo "2516"]
[BlackElo "2165"]
[Annotator "TA"]
[PlyCount "71"]
[EventDate "2021.01.03"]
[EventType "swiss"]
[EventCountry "ITA"]
[SourceTitle "playchess.com"]
[Source "ChessBase"]
[SourceQuality "1"]

{[%evp 15,71,51,102,99,102,99,99,97,100,93,93,91,95,101,114,111,124,125,123,123,121,113,125,126,150,116,139,117,142,140,282,251,253,250,325,201,210,199,287,323,337,307,350,328,454,313,1745,1737,1241,1224,1047,1054,880,812,738,573,677,210]} 1. Nf3 Nf6 2. c4 g6 3. Nc3 Bg7 4. d4 O-O 5. e3 d6 6. Be2 c5 7. O-O Nc6 8. d5 Nb4 ({Black should try} 8... Na5 $14) 9. e4 $16 {E61: King's Indian: Early deviations for White, including Smyslov System.} Bg4 10. h3 Bxf3 11. Bxf3 {White is better.} Na6 12. Be3 Nd7 {[#]} 13. Be2 $146 ({Predecessor:} 13. Qd2 Re8 14. a3 Nc7 15. Be2 a6 16. Rab1 Rb8 17. b4 e6 18. Na4 cxb4 19. axb4 exd5 20. exd5 {½-½ (31) Darga,K-Huebner,R Frankfurt 1966}) 13... Nc7 14. Qd2 b6 15. Rad1 Qb8 16. f4 Qb7 17. Kh1 Rad8 18. Bd3 a6 {[#]} 19. a4 $1 e6 20. dxe6 Nxe6 21. f5 Nc7 22. Bg5 Bf6 {Loses the game.} (22... f6 $16) 23. Bxf6 Nxf6 24. Qh6 Nce8 25. Rf3 Qe7 26. Rdf1 $40 {[%mdl 128] White goes for the king.} Nc7 (26... Rd7 $142 27. g4 Qe5) 27. Nd5 $18 Ncxd5 28. exd5 a5 29. Re3 ({But not} 29. fxg6 fxg6 30. Qg5 Kg7 $18) 29... Qc7 30. Rg3 {[%cal Rf5g6]} Rd7 $2 (30... Qe7 31. Re3 (31. fxg6 fxg6 32. Bxg6 Kh8 $18) 31... Qd7) 31. fxg6 {White is clearly winning.} fxg6 32. Bxg6 hxg6 33. Rxg6+ {[%mdl 64] [#] Double Attack} Rg7 34. Rgxf6 Rxf6 35. Qxf6 Qd7 36. Qf8+ $2 {Weighted Error Value: White=0.22/Black=0.33} (36. Re1) 1-0

[Event "5th Vergani Cup January 2021"]
[Site "Bassano del Grappa"]
[Date "2021.01.03"]
[Round "1.7"]
[White "Mitran, Anthony Cristian"]
[Black "Checa, Nicolas"]
[Result "0-1"]
[WhiteElo "2157"]
[BlackElo "2527"]
[Annotator "TA"]
[PlyCount "55"]
[EventDate "2021.01.03"]
[EventType "swiss"]
[EventCountry "ITA"]
[SourceTitle "playchess.com"]
[Source "ChessBase"]
[SourceQuality "1"]

{[%evp 9,55,-13,-10,-40,-37,-39,-38,-58,-22,-25,-25,-43,-27,-54,-13,-11,14,-47,-43,-68,-71,-65,62,56,66,51,43,40,104,0,0,-75,0,0,0,0,0,0,0,0,0,5,13,0,27,0,0,0]} 1. d4 d5 2. Bf4 Nf6 3. e3 Bg4 4. f3 Bd7 5. Bd3 e6 6. Nh3 {D00: 1 d4 d5: Unusual lines.} c5 7. c3 Nc6 8. Nd2 {[#] Black is slightly better.} Qb6 $146 ({Predecessor:} 8... Be7 9. Bg3 O-O 10. O-O Qb6 11. Qb3 Qxb3 12. axb3 a6 13. Rfe1 Rfe8 14. Kh1 Rac8 {0-1 (53) Teglas,B (2247)-Lyell,M (2225) Budapest 2012}) 9. Rb1 Be7 10. Qe2 O-O 11. Bg3 Rfe8 12. f4 Bd6 13. Bf2 (13. Nf3 $11) 13... Qc7 14. O-O cxd4 $1 15. exd4 Ne7 ({Much worse is} 15... Bxf4 $6 16. Bh4 $16) ({Better is} 15... e5 $1 $15 16. fxe5 (16. dxe5 Nxe5 17. fxe5 Rxe5 $11) 16... Nxe5 17. dxe5 Rxe5) 16. Bh4 $14 Ng6 17. Bxf6 gxf6 18. Qh5 Kg7 (18... Re7 $14) 19. g4 ({White should try} 19. g3 $16) 19... Rh8 {[%cal Rd6f4]} 20. Rf3 ({But not} 20. g5 f5 $17) (20. f5 $11 {keeps the balance.}) 20... Nxf4 (20... Bxf4 $17 21. Nb3 (21. Nxf4 Nxf4 22. Qh4 Rag8 $15) 21... Rae8) 21. Nxf4 $11 Bxf4 22. Rbf1 {[%cal Bb1f1,Bf1f2,Bf2e2][%mdl 32]} Bg5 23. R1f2 h6 24. Nf1 e5 25. dxe5 Qxe5 26. Kg2 d4 {[#] aiming for ...Bc6.} 27. Ng3 (27. Bc4 $5 {[%cal Rh5f7]} Raf8 28. Ng3 $11) 27... dxc3 {Threatens to win with ...Bc6.} 28. Re2 {[%mdl 32768] Weighted Error Value: White=0.20/Black=0.21. Loss on time!?} 0-1

[Event "5th Vergani Cup January 2021"]
[Site "Bassano del Grappa"]
[Date "2021.01.03"]
[Round "1.10"]
[White "Brotto, Alessandro"]
[Black "Pace, Gabriele"]
[Result "1-0"]
[WhiteElo "1921"]
[BlackElo "1699"]
[Annotator "TA"]
[PlyCount "47"]
[EventDate "2021.01.03"]
[EventType "swiss"]
[EventCountry "ITA"]
[SourceTitle "playchess.com"]
[Source "ChessBase"]
[SourceQuality "1"]

{[%evp 14,47,40,40,60,46,76,40,54,44,72,25,92,39,115,112,112,50,47,59,50,48,305,310,350,369,337,156,300,213,702,721,29991,3113,29987,29988]} 1. e4 d6 2. d4 Nf6 3. Nc3 e5 4. Nf3 Nbd7 5. Bc4 Be7 6. O-O c6 7. Re1 Qc7 {7...b5 is the modern continuation.} 8. a4 a5 {C41: Philidor Defence.} 9. h3 h6 10. Bf1 Nf8 {[#] White is slightly better.} 11. Nh4 $146 ({Predecessor:} 11. Be3 g5 12. Nh2 Ng6 13. Qe2 Nf4 14. Qc4 Rg8 15. Rad1 Bd7 16. dxe5 dxe5 17. Qb3 {0-1 (55) Muc,T (2245)-Latas,B (2275) Mikolajki 1991}) 11... g6 12. d5 Nh5 (12... Nxd5 $11 {remains equal.} 13. exd5 Bxh4) 13. Nf5 Bxf5 (13... gxf5 $14 14. Qxh5 {[%mdl 64] Double Attack} f4) 14. exf5 $16 Ng7 15. dxc6 (15. fxg6 $16 Nxg6 16. Qf3) 15... bxc6 $14 16. f6 Bxf6 17. Qf3 $1 {[%cal Rf3f6]} Nd7 {[%mdl 8192] [#] This move loses the game for Black.} (17... Be7 $1 $14) 18. Nb5 $1 $18 {[%cal Rb5c7][%mdl 512]} cxb5 (18... Qb8 19. Qxc6) 19. Qxa8+ Bd8 20. Qe4 (20. axb5 $18 {has better winning chances. Strongly threatening Bd2.} Qxc2 21. Be3) 20... Nf5 (20... b4 $16 {was necessary.} 21. Bd2 Ne6) 21. Bxb5 Nd4 $2 (21... O-O 22. g4 Nc5) 22. Qxd4 Qxc2 {[#]} 23. Rxe5+ $1 dxe5 (23... Kf8 24. Re2) 24. Qxe5+ {[%mdl 64] Double Attack.  Weighted Error Value: White=0.33/Black=1.44} 1-0

[Event "5th Vergani Cup January 2021"]
[Site "Bassano del Grappa"]
[Date "2021.01.04"]
[Round "2.1"]
[White "Horvath, Dominik"]
[Black "Basso, Pier Luigi"]
[Result "1/2-1/2"]
[WhiteElo "2446"]
[BlackElo "2561"]
[Annotator "TA"]
[PlyCount "78"]
[EventDate "2021.01.03"]
[EventType "swiss"]
[EventCountry "ITA"]
[SourceTitle "playchess.com"]
[Source "ChessBase"]
[SourceQuality "1"]

{[%evp 9,78,32,35,0,9,0,0,11,8,15,33,36,21,28,47,57,78,83,145,138,133,109,105,93,137,138,127,127,152,158,141,150,135,147,263,269,514,493,588,504,596,595,602,599,534,287,498,486,376,213,517,389,908,886,870,829,680,264,264,262,247,237,210,0,0,0,0,0,0,0,0]} 1. e4 g6 2. d4 Bg7 3. c4 e6 4. Nc3 Ne7 5. h4 d5 6. h5 {With the idea h6. A40: Unusual replies to 1 d4.} dxe4 7. Nxe4 {[#]} f5 $146 ({Predecessor:} 7... Nbc6 8. Nf3 f5 9. Nc3 Nxd4 10. Nxd4 Bxd4 11. Qf3 Bd7 12. Bd2 Bc6 13. Qe2 Qd6 14. hxg6 Nxg6 {0-1 (23) Marzano,C (2199)-Rotstein,A (2481) Cesenatico 2018}) 8. Nc3 Bxd4 9. Qe2 c5 10. Nb5 Nbc6 11. Nf3 a6 12. Nbxd4 Nxd4 13. Nxd4 Qxd4 (13... cxd4 $142 14. Bg5 Qa5+ 15. Qd2 Qe5+ 16. Be2 Nc6) 14. Bg5 $16 Nc6 15. Be3 Qf6 16. Bxc5 Nd4 17. Bxd4 Qxd4 18. Rd1 Qf6 19. hxg6 hxg6 20. Rxh8+ Qxh8 21. Qd2 Qf6 (21... Kf7 $16) 22. c5 $18 f4 $2 (22... Qh4 23. Qd6 Kf7 24. Qc7+ Qe7) 23. Qd6 Qxb2 {intending ...Qb4+.} 24. Bd3 {[%cal Rd3g6]} Kf7 25. Qc7+ Kf6 26. Qxf4+ Kg7 27. Qg3 Qf6 (27... Bd7 28. Bxg6 {[%mdl 64] Discovered Attack} Bb5 29. Bd3+ Kf8 30. Bxb5 axb5) 28. Be4 a5 {[#]} 29. Kf1 (29. Rd8 $142 $3 {[%mdl 512]} e5 30. Re8) 29... a4 $2 (29... e5 30. Rb1 (30. Rd6 Be6 $18) 30... Ra6 31. Bxb7 Bf5) 30. Kg1 a3 $2 (30... e5 31. Rb1 (31. Rd6 Be6 $18) 31... g5) 31. Rd3 e5 32. Rf3 Qe6 33. Bxg6 $2 Qxg6 34. Qxe5+ Kg8 35. Rg3 {[%mdl 1024] White wants to mate with Qe8+. White has strong compensation.} Bg4 {[#]} 36. Qd5+ (36. Qe7 $1 $18) 36... Kf8 $11 {The position is equal.} 37. f3 Qb1+ 38. Kh2 $1 ({Much worse is} 38. Kf2 {[#]} Re8 $1 $17) 38... Qh7+ 39. Kg1 Qb1+ {Weighted Error Value: White=0.51/Black=0.48} 1/2-1/2

[Event "5th Vergani Cup January 2021"]
[Site "Bassano del Grappa"]
[Date "2021.01.04"]
[Round "2.2"]
[White "Nguyen, Thai Dai Van"]
[Black "Di Benedetto, Edoardo"]
[Result "1/2-1/2"]
[WhiteElo "2571"]
[BlackElo "2386"]
[Annotator "TA"]
[PlyCount "26"]
[EventDate "2021.01.03"]
[EventType "swiss"]
[EventCountry "ITA"]
[SourceTitle "playchess.com"]
[Source "ChessBase"]
[SourceQuality "1"]

{[%evp 12,26,27,19,24,18,41,22,29,29,22,18,33,23,45,40,58]} 1. d4 d5 2. c4 e6 3. Nc3 Be7 4. Nf3 Nf6 5. Bf4 O-O 6. e3 b6 7. Bd3 dxc4 {is the new trend. D37: Queen's Gambit Declined: 5 Bf4.} 8. Bxc4 Ba6 9. Qe2 Qc8 {The position is equal.} 10. Rc1 Bxc4 11. Qxc4 c5 12. dxc5 {[#]} Qxc5 $146 ({Predecessor:} 12... bxc5 13. O-O Nbd7 14. Rfd1 Nb6 15. Qb5 Nbd5 16. Nxd5 Nxd5 17. Be5 a6 18. Qa4 Rd8 {½-½ (44) Sargissian,G (2689)-Zubov,A (2612) Gjakova 2016}) 13. Qxc5 Bxc5 {Weighted Error Value: White=0.04/Black=0.10} 1/2-1/2

[Event "5th Vergani Cup January 2021"]
[Site "Bassano del Grappa"]
[Date "2021.01.04"]
[Round "2.3"]
[White "Solomon, Kenny"]
[Black "Moroni, Luca Jr"]
[Result "0-1"]
[WhiteElo "2364"]
[BlackElo "2562"]
[Annotator "TA"]
[PlyCount "27"]
[EventDate "2021.01.03"]
[EventType "swiss"]
[EventCountry "ITA"]
[SourceTitle "playchess.com"]
[Source "ChessBase"]
[SourceQuality "1"]

{[%evp 10,12,77,62,93]} 1. d4 g6 2. e4 Bg7 3. c4 d6 4. Nc3 c5 5. d5 Bxc3+ 6. bxc3 e5 $1 {[%mdl 4] [#] Loss on time!? is recently more successful than 6...Qa5. A43: Schmid Benoni.} {Predecessor:} 7. dxe6 $146 Bxe6 8. Nf3 Nc6 9. Be2 Nf6 10. Qc2 Nd7 11. O-O Nb6 12. Bf4 Qe7 13. Qb3 f6 14. a4 {1-0 (39) Duda,J (2758)-Antipov,M (2549) Moscow 2019} 0-1